Derecho colombiano de cooperativas / (Registro nro. 7780)

Detalles MARC
000 -LEADER
fixed length control field 00899nam a2200217Ia 4500
003 - CONTROL NUMBER IDENTIFIER
control field OSt
005 - DATE AND TIME OF LATEST TRANSACTION
control field 20210504091713.0
008 - FIXED-LENGTH DATA ELEMENTS--GENERAL INFORMATION
fixed length control field 210310s1971 ck frl 000 0 spa d
040 ## - CATALOGING SOURCE
Original cataloging agency CO-JMCR
Transcribing agency CO-JMCR
041 0# - LANGUAGE CODE
Language code of text/sound track or separate title spa
082 04 - DEWEY DECIMAL CLASSIFICATION NUMBER
Classification number 334 /
Item number M357d
Edition number 23
100 1# - MAIN ENTRY--PERSONAL NAME
Personal name Marquez C., Ismael E.,
9 (RLIN) 15436
Relator term autor
245 10 - TITLE STATEMENT
Title Derecho colombiano de cooperativas /
Statement of responsibility, etc. Ismael E. Márquez C.
260 ## - PUBLICATION, DISTRIBUTION, ETC.
Place of publication, distribution, etc. Bogotá :
Name of publisher, distributor, etc. Universidad Externado de Colombia,
Date of publication, distribution, etc. 1971
300 ## - PHYSICAL DESCRIPTION
Extent 287 páginas ;
Dimensions 22 cm.
500 ## - GENERAL NOTE
General note Incluye notas a pie de página.
505 0# - FORMATTED CONTENTS NOTE
Formatted contents note De las sociedades cooperativas -- De las relaciones de las sociedades cooperativas con el Estado -- De la superintendencia nacional de cooperativas -- Del instituto nacional de financiamiento y desarrollo cooperativo
650 14 - SUBJECT ADDED ENTRY--TOPICAL TERM
Topical term or geographic name entry element Cooperativas
9 (RLIN) 15438
General subdivision Legislación
Geographic subdivision Colombia
710 24 - ADDED ENTRY--CORPORATE NAME
Corporate name or jurisdiction name as entry element Universidad Externado de Colombia
9 (RLIN) 8197
942 ## - ADDED ENTRY ELEMENTS (KOHA)
Source of classification or shelving scheme Dewey Decimal Classification
Koha item type Books
Existencias
Withdrawn status Lost status Source of classification or shelving scheme Damaged status Not for loan Collection code Home library Current library Date acquired Source of acquisition Full call number Barcode Date last seen Copy number Koha item type
    Dewey Decimal Classification     Non-fiction Biblioteca Pública José María del Castillo y Rada Biblioteca Pública José María del Castillo y Rada 04/15/2018 Donación 334 / M357d 430003716 05/16/2024 Ej.1 Books